KOHA-Header-6

Pakistan Affairs (Record no. 6929)

000 -LEADER
fixed length control field 00256nam a2200109Ia 4500
100 ## - MAIN ENTRY--AUTHOR NAME
Personal name Gul Shahzad Sarwar
245 #0 - TITLE STATEMENT
Title Pakistan Affairs
260 ## - PUBLICATION, DISTRIBUTION, ETC. (IMPRINT)
Place of publication Karachi
Name of publisher Royal Book
Year of publication 1997
300 ## - PHYSICAL DESCRIPTION
Number of Pages 511
942 ## - ADDED ENTRY ELEMENTS (KOHA)
Koha item type Books
Holdings
Withdrawn status Lost status Collection code Permanent Location Current Location Shelving location Date acquired Full call number Accession Number Koha item type
      MAJU MAJU   2019-09-11 891.4 457 Pakistan Studies
      MAJU MAJU     891.4 1670 Pakistan Studies

Powered by Koha